000
00305nam a2200133Ia 4500
008
231129s1965||||xx |||||||||||||| ||spa||
040
_b
spa
082
_a
M863 A973
100
_a
Ayala Anguiano Armando
245
0
_a
Unos cuantos dias
260
_c
1965
264
_a
Joaquin Mortiz
942
_2
ddc
_c
BKS
999
_c
26059
_d
26059